00628nam a22001817a 450000500170000001000150001702000260003203500140005803700130007208200120008510000220009724501580011926000250027727000890030230000190039170000170041070000190042720210810153852.0 aENG-129739 a9789390168361c549.00 aEN-113271 bDBAD/PUB a330.954 aSrirangam, SriRam aIndian economy:bprinciples, policies and progress for UPSC and state civil services examination /cby SriRam Srirangam, Manish Kumar [and] Rohit Deo Jha aNoidabPearsonc2021 a15th Floor, Tower-B, World Trade Tower, Plot No.1, Block-C, Sector-16bNoidae201301 avp.c23cm(pbk) aManish Kumar aJha, Rohit Deo